Structural adjustment in Central America : the case of Costa Rica /
| Autor principal: | |
|---|---|
| Formato: | Livro |
| Idioma: | inglês |
| Publicado em: |
Washington D.C. :
Development Group for Alternative Policies,
1993
|
| Assuntos: |
MARC
| LEADER | 00000nam a2200000Ia 4500 | ||
|---|---|---|---|
| 008 | 170523b1993 us ||||| |||| 00| | eng d | ||
| 999 | |c 1253 |d 1253 | ||
| 090 | |a 03.02.01 |b 504 | ||
| 100 | 1 | |a Hansen-Kuhn, Karen |9 2840 | |
| 245 | 1 | 0 | |a Structural adjustment in Central America : the case of Costa Rica / |c Karen Hansen-Kuhn |
| 260 | |a Washington D.C. : |b Development Group for Alternative Policies, |c 1993 | ||
| 300 | |a 24 páginas | ||
| 650 | 1 | 4 | |a INDICADORES ECONÓMICOS |9 794 |
| 650 | 1 | 4 | |a AGRICULTURA |9 2541 |
| 942 | |i 001202 |h 03.02.01 504 |2 z |c 01 | ||
